000 00919cam a2200205 4500
001 WS124797
008 040109n 000 0 eng u
035 _a(Sirsi) u124797
110 _aMillstream Associates Limited
_94575
245 _aMy Tenders
520 _aWeb site for this official gateway to EUR-OP, the Office for Official Publications of the European Commission, for the publication on tender notices in the Official Journal. Also provides services and support for any organisation wanting to publish a tender or request for quotation (RFQ). provides links to the standard forms for submitting tenders and news articles.
650 _aTENDERS
650 _aREQUEST FOR QUOTATION
650 _aOFFICIAL JOURNAL
650 _aSTANDARD FORMS
650 _aINTERNATIONAL
690 _aEUROPE
856 4 0 _uhttps://www.mytenders.com
_zView the website free of charge at www.mytenders.com...
942 _n0
999 _c120388
_d120388